Chemie pro devátý ročník zvláštní školy /

Hlavní autor: Beneš, Pavel, 1944-
Další autoři: Pumpr, Václav, Skálová, Ivana, 1944-
Jazyk: Čeština
Vydáno: Praha : Parta, 1995
Vydání: 2. vyd.
Témata:
Fyzický popis: 47 s. : il. ; 30 cm
Knihy
Uloženo v:
LEADER 01177nam a2200337 a 4500
001 000455802
003 CZ BrMZK
005 20190905134107.0
007 ta
008 990315s1995 xr a f cze d
015 |a cnb000111250 
020 |a 80-901709-8-6 
035 |a (OCoLC)36608526 
040 |a BOA001  |b cze 
080 |a 372.854(075.2)  |2 MRF 
080 |a 54(075.2)  |2 MRF 
100 1 |a Beneš, Pavel,  |d 1944-  |7 jk01011634  |4 aut 
245 1 0 |a Chemie pro devátý ročník zvláštní školy /  |c Pavel Beneš a Václav Pumpr ; ilustrovala Ivana Skálová] 
250 |a 2. vyd. 
260 |a Praha :  |b Parta,  |c 1995 
300 |a 47 s. :  |b il. ;  |c 30 cm 
500 |a V tir. vroč. 1997 
653 0 |a chemie 
700 1 |a Pumpr, Václav  |7 jk01101746  |4 aut 
700 1 |a Skálová, Ivana,  |d 1944-  |7 xx0086202  |4 ill 
910 |a BOA001  |b 4-1067.075  |b PK-N-0032.037 
920 |a 000052374 
964 |a Chemie  |x učebnice  |x školy zvláštní 
990 |a BK 
996 6 |b 2610106104  |c 4-1067.075  |l MZK  |r Sklad / do 1 hodiny  |n 0  |p p.v.  |w 000455802  |u 000010  |a 1  |e BOA001  |j MZK50  |s P 
996 7 |b 3119001658  |c PK-N-0032.037  |l MZK  |r Sklad / do 1 hodiny  |n 3  |p p.v.  |w 000455802  |u 000020  |a 1  |e BOA001  |j MZK50  |s A